000 02909cam a22012134i 4500
003 PE-LiUPU
005 20250813185621.0
008 150706s r 000 0 d
020 _a9788415504047
035 _a(Sirsi) i9788415504047
040 _aPE-LiUPU
_bspa
_cPE-LiUPU
_erda
049 _aPRUA
082 0 4 _a332.024
_bGFPPn
_221
100 1 _aKansas, Dave,
_eautor.
245 1 4 _aThe wall street journal :
_bnuevos escenario de inversión /
_cDave Kansas.
264 1 _a[Lima] :
_bEl Comercio,
_c2012.
300 _a115 p :
_bilustraciones ;
_c22 cm.
336 _atext
_2rdacontent
337 _aunmediated
_2rdamedia
338 _avolume
_2rdacarrier
490 0 _aGuías para las finanzas personales
505 0 _aEl nuevo orden mundial -- ¿Qué es seguridad? -- Deuda y destrucción -- Sobre las estrategias de inversión.
526 _aP202
526 _aP201
526 _aP163
526 _aP162
526 _aP161
526 _aP160
526 _aP148
526 _aP147
526 _aP146
526 _aP145
526 _aP144
526 _aP143
526 _aP142
526 _aP141
526 _aP140
526 _aP139
526 _aP138
526 _aP137
526 _aP136
526 _aP135
526 _aP134
526 _aP133
526 _aP129
526 _aP128
526 _aP127
526 _aP120
526 _aP119
526 _aP118
526 _aP116
526 _aP115
526 _aP114
526 _aP110
526 _aP109
526 _aP108
526 _aP104
526 _aP103
526 _aP102
526 _aP99
526 _aP98
526 _aP97
526 _aP96
526 _aP95
526 _aP93
526 _aP90
526 _aP89
526 _aP88
526 _aP83
526 _aP82
526 _aP62
526 _aP59
526 _aP58
526 _aP57
526 _aP51
526 _aP49
526 _aP48
526 _aP47
526 _aP29
526 _aP24
526 _aP20
526 _aP19
526 _aP17
526 _aP15
526 _aP14
526 _aP12
526 _aP10
526 _aP09
526 _aP08
526 _aP07
526 _aP06
526 _aP05
526 _aP04
526 _aP01
650 1 4 _aInversiones.
650 2 4 _aFinanzas Personales.
910 _agl
_clch
_d20130516
942 _2ddc
_cBOOK
949 _a332.024 GFPPN
_wDEWEY
_c1
_i66544
_lCCODEBUL1
_mBUL
_p14.00
_r0
_sY
_tBOOK
_u2015-7-6
_xBIBLIOTECA
_zUNKNOWN
_o.STAFF. Colección General
994 _aC0
_bPEPRU
596 _a1
999 _a332.024 GFPPN
_wDEWEY
_c54704
_i66544
_f2021-11-5
_g5
_lCCODEBUL1
_mBUL
_p14.00
_r0
_sY
_tBOOK
_u2015-7-6
_xFCE
_zUNKNOWN
_0COMPRA
_o.STAFF. Colección General
_d54704
980 _81
_gALBERTO SANCHEZ Responsable de Automatización